1996 1856 1276 1745 1777 1068 1056 1795 1852 1254 1515 1070 1783 1360 1333 1107 1459 1024 1331 1585 1542 1439 1023 1904 1995 1301 1435 1117 1561 1154 1613 1223 1225 1808 1016 1664 1046 1157 1336 1946 1218 1841 1619 1872 1435 1074 1288 1120 1546 1070 1322 1121 1838 1438 1340 1505 1631 1211 1304 1429 1109 1789 1802 1913 1839 1910 1718 1528 1310 1729 1350 1207 1581 1230 1502 1626 1163 1009 1323 1311 1905 1322 1251 1177 1817 1211 1140 1147 1838 1606 1036 1951 1646 1164 1884 1131 1697 1410 1305 BCNSPRNW ULIB Ver.6.0+V

เปลี่ยนเป็นภาษาไทย

Change to English
 แสดงรายละเอียดบรรณานุกรม
  กลับหน้าหลัก

Brief Record : Get Marc (ISO 2709) : E-mail record : QR code < ปิดหน้าต่าง
LEADER : 00000nam 2200000uu 4500
001    13399114088
003     ULIB
008    120216s2554||||th 000 0 tha d
020    ^a9789741109784
060 04 ^aWY100^bก492
245 00 ^aการพยาบาลพื้นฐาน :^bแนวคิดและการปฏิบัติ /^cผู้เรียบเรียงกรรณิการ์ ภังคานนท์ ... [และคนอื่นๆ] ; สุปาณี เสนาดิสัย, วรรณภา ประไพพานิช, บรรณาธิการ
250    ^aพิมพ์ครั้งที่ 13 (ปรับปรุงครั้งที่ 2)
260    ^a[กรุงเทพ] :^bโรงเรียนพยาบาลรามาธิบดี,^c2554
300    ^a761 หน้า :^bภาพประกอบ ;^c26 ซม.
591    ^a LIRA : มีปี 2551 พิมพ์ครั้งที่ 12
650  7 ^aการพยาบาล
650  7 ^aการพยาบาล, การบริการ
700 0  ^aกรรณิการ์ ภังคานนท์
700 0  ^aสุปาณี เสนาดิสัย,^eบรรณาธิการ
700 0  ^aวรรณภา ประไพพานิช,^eบรรณาธิการ
710 2  ^aโรงเรียนพยาบาลรามาธิบดี
945    ^p450^l0^i18688
945    ^p450^l0^i18689
945    ^p450^l0^i18690
945    ^p450^l0^i18691
945    ^p450^l0^i18692
995    ^a เกษร
999    ^aใช้งานได้ทุกระบบ
รายการนี้ยังไม่มีแท็ก
คุณยังไม่ได้ล็อกอิน คุณสามารถมีกิจกรรมร่วมกับเว็บไซต์ได้ แต่ต้องล็อกอินก่อน ::
  ล็อกอิน

รายการสื่อสารสนเทศ

ลำดับที่ ประเภท เลขเรียก/บาร์โค้ด สถานที่ สถานะ
1. Book การพยาบาล
Book การพยาบาล
สถานะ=หนังสือเก่า
WY100 ก492 ฉ.1 
  Barcode: 18688
ห้องสมุดวิทยาเขตนครสวรรค์
►ส่วนจัดเก็บหนังสือเก่า นว.
บนชั้น
  ขอยืม
2. Book การพยาบาล
Book การพยาบาล
สถานะ=หนังสือเก่า
WY100 ก492 ฉ.2 
  Barcode: 18689
ห้องสมุดวิทยาเขตนครสวรรค์
►ส่วนจัดเก็บหนังสือเก่า นว.
ถูกยืม กำหนดส่งวันที่ 4 มิถุนายน 2569
  จอง
3. Book การพยาบาล
Book การพยาบาล
สถานะ=หนังสือเก่า
WY100 ก492 ฉ.3 
  Barcode: 18690
ห้องสมุดวิทยาเขตนครสวรรค์
►ส่วนจัดเก็บหนังสือเก่า นว.
ถูกยืม กำหนดส่งวันที่ 4 มิถุนายน 2569
  จอง
4. Book การพยาบาล
Book การพยาบาล
สถานะ=หนังสือเก่า
WY100 ก492 ฉ.4 
  Barcode: 18691
ห้องสมุดวิทยาเขตนครสวรรค์
►ส่วนจัดเก็บหนังสือเก่า นว.
ถูกยืม กำหนดส่งวันที่ 4 มิถุนายน 2569
  จอง
5. Book การพยาบาล
Book การพยาบาล
สถานะ=หนังสือเก่า
WY100 ก492 ฉ.5 
  Barcode: 18692
ห้องสมุดวิทยาเขตนครสวรรค์
►ส่วนจัดเก็บหนังสือเก่า นว.
บนชั้น
  ขอยืม

รายการใกล้เคียง
    หัวเรื่อง [การพยาบาล]
    หัวเรื่อง [การพยาบาล, การบริการ]

BibComment


ยังไม่เคยถูกคอมเมนท์

คอมเมนท์ทรัพยากรรายการนี้
  คอมเมนท์: การพยาบาลพื้นฐาน..


 Copyright 2026. Bcnsprnw @Library